Bản tóm lược về công nghệ phần mềm

Những nguyên tắc cơ bản kết hợp với nhau được coi là "công nghệ phần mềm" đó là: Phân tích, hướng cấu trúc, công cụ phần mềm, thiết kế hướng cấu trúc, kỹ thuật duyệt lại, thiết kế hướng dữ liệu, che giấu thông tin, mã giả, mã hoá, có cấu trúc, cài đặt từ trên xuống, tiêu chuẩn lượng giá ph...

Celý popis

Uloženo v:
Podrobná bibliografie
Hlavní autor: De Marco, Tom
Další autoři: Trần Vĩnh Bảo (Dịch), Khiếu Văn Chí (Dịch)
Médium: Kniha
Jazyk:Vietnamese
Vydáno: Tp. Hồ Chí Minh Nxb Trẻ 1994
Témata:
Tagy: Přidat tag
Žádné tagy, Buďte první, kdo otaguje tento záznam!
Thư viện lưu trữ: Mạng thư viện Đại học Đà Nẵng
LEADER 01691nam a22003858a 4500
001 000013004
003 9332
005 20120306090321.0
008 120306s1994 b 000 0 od
020 |d 1000b 
041 0 |a 9408 
041 0 |a vie 
080 |a 6T7.3-018.2 
082 |a 005.3  |b TO-D 
084 |a F973.2-018  |b B000ả 
100 1 |a De Marco, Tom 
245 1 0 |a Bản tóm lược về công nghệ phần mềm  |c Tom De Marco; Trần Vĩnh Bảo, Khiếu Văn Chí dịch 
260 |a Tp. Hồ Chí Minh  |b Nxb Trẻ  |c 1994 
300 |a 148tr  |c 19cm 
500 |a Dịch theo nguyên bản: Concise Notes on Software Engineering A Yourdon Press Monograph 
520 |a Những nguyên tắc cơ bản kết hợp với nhau được coi là "công nghệ phần mềm" đó là: Phân tích, hướng cấu trúc, công cụ phần mềm, thiết kế hướng cấu trúc, kỹ thuật duyệt lại, thiết kế hướng dữ liệu, che giấu thông tin, mã giả, mã hoá, có cấu trúc, cài đặt từ trên xuống, tiêu chuẩn lượng giá phần mềm 
653 |a máy tính 
653 |a phần mềm vi tính 
700 1 |a Trần Vĩnh Bảo  |e Dịch 
700 1 |a Khiếu Văn Chí  |e Dịch 
OWN |a LSP 
AVA |a UDN50  |b LSP  |d 005.3 TO-D  |e available  |t Error 5001 Not defined in file expand_doc_bib_avail.  |f 2  |g 0  |h N  |i 0  |k 1 
999 |a From the UDN01 
AVA |a UDN50  |b LSP  |d 005.3 TO-D  |e available  |t Error 5001 Not defined in file expand_doc_bib_avail.  |f 2  |g 0  |h N  |i 0  |k 1 
TYP |a Monograph 
TYP |a Printed language 
980 |a Mạng thư viện Đại học Đà Nẵng